00660nam a2200181 i 450000100060000000300090000600500170001500700030003200800410003510000450007624500970012126000510021830000220026970000290029185200210032099900170034195201200035886079ES-MaACL20230906175353.0t|041207s1936 fr ||||1| fre d1 aKerenskii, Aleksandr Fiodorovich.96789213aLa verité sur le massacre des romanov / cAlexandr Kerenski ; preface de Bernanrd Parés. aParis : b[s.n., c1936] (eMayenne : fFloch) a272 p. ; c23 cm.1 aParés, Bernard.989098 aES-MaACLjA-4159 c86079d86079 00104070aATENEOMbATENEOMcSPP1d2008-01-17eSCl0oA-4159p1089946r2023-02-23 00:00:00w2023-02-23yMONOGRAFIA